Yu-Gi-Oh! ARC-V - Cartes (mort subite) - Statistiques

Statistiques générales
  • Ce quiz a été pris 113 fois
  • Le résultat moyen est 3 sur 11
Answers on the Grid
Answers color-coded by a green-red scale on the quiz's grid according to % correct below.
Durêve - HÉROS de la Destinée
Double Je - HÉROS de la Destinée
Vrash Ange Cyber
Ange Cyber Benten
Diapason Rouge
Diapason Synkron
Aile Noire - Etesia la Double Lame
Aile Noire - Kochi l'Aube
Esprit de la Terre Servant Géo Gremlina
Esprit de la Terre Immortel Chacu Challhua
Aile Cipher
Lanceur Photon
Chevalier Rouages Ancients
Bête Rouages Ancients
Editor, Dresseur Bête Gladiateur
Sorcièrevent - Cristal Clochette
Seigneur de Guerre Susanowo Samouraï Supralourd
Vengeance des Ailes Noires
Loupdefer Train Blindé Lourd
Flèche Roquette Express
 
Statistiques - réponses
Réponse % Correct
Seigneur de Guerre Susanowo Samouraï Supralourd
40%
Sorcièrevent - Cristal Clochette
36%
Aile Cipher
35%
Diapason Rouge
31%
Durêve - HÉROS de la Destinée
25%
Esprit de la Terre Servant Géo Gremlina
22%
Chevalier Rouages Ancients
18%
Editor, Dresseur Bête Gladiateur
18%
Loupdefer Train Blindé Lourd
15%
Aile Noire - Etesia la Double Lame
13%
Vrash Ange Cyber
13%
Aucun quiz correspondant
Distribution des résultats
% des personnes avec chaque résultat
Percentile par nombre de réponses
Votre historique - résultats
Vous n’avez pas pris ce quiz